| 000 | 00501cam a2200157 a 4500 | ||
|---|---|---|---|
| 020 | _a0706995708 | ||
| 082 |
_a320.954 _bOMA |
||
| 100 | 1 |
_aKhalidi, Omar. _95176 |
|
| 245 | 1 | 0 |
_aIndian Muslims since independence / _cOmar Khalidi. |
| 260 |
_aNew Delhi : _bVikas Pub. House, _c1995. |
||
| 300 |
_a246 p. : _bmaps ; _c22 cm. |
||
| 526 |
_a0 _b0 _c0 _d320_954000000000000_OMA |
||
| 650 | 0 |
_aMuslims _zIndia _xEconomic conditions. _95177 |
|
| 650 | 0 |
_aMuslims _zIndia _xSocial conditions. _95178 |
|
| 942 |
_2ddc _cBK |
||
| 999 |
_c553641 _d553641 |
||